00543cam a22001931a 4500001001300000003000400013005001700017008004100034010001700075035002000092040001900112050002400131100002900155245003800184260004200222300002000264440004800284999001700332ca 09004842 DLC20260227111050.0880310s1887 nyu 000 1 eng  aca 09004842  a(OCoLC)17605419 aDLCcMeWCdDLC00aPZ3.P29bGlaPR51541 aPayn, James,d1830-1898.10aGlow-worm tales /cby James Payn. aNew York :bHarper & Brothers,c1887. a67 p. ;c29 cm. 0aHarper's Franklin square library ;vno. 579 c14050d14050